000 00782ntaaa2200229 4500
003 01
005 20251027203036.0
008 0714s1973 ag 01
020 _a8471513927
040 _aAR-BaBN
_bspa
_cAR-BaBN
_eaacr
_dRIC
082 _a268.4331 C13b
100 _aCalvo Cubillo, Quintin
245 _aLa buena noticia de Jesús de Nazaret
250 _a1 ed.
260 _aEstella :
_bVerbo Divino,
_c1984
300 _a189 p ;
_cilust., graficos ; 24 cm
500 _aLibro preparado para clases de Religión de adolescentes. Consta de lecciones con ayudadas didácticas, reflexiones, trabajos e grupo y otras actividades
650 _aCatolicismo-Catequesis
_923683
650 _aJovenes-Educacion Cristiana
650 _aEducacion Cristiana-Adolescentes
942 _cBK
999 _c25782
_d25782